| 000 -Etiqueta do registo | |
|---|---|
| campo de controlo de comprimento fixo | 009810000a22002530004500 |
| 001 - Identificador do registo | |
| Campo de controlo | 51084 |
| 010 ## - ISBN | |
| Número (ISBN) | 989-20-0406-X |
| 021 ## - Nº depósito legal | |
| Código do país | Portugal |
| Número | 251469/06 |
| 100 ## - Dados Gerais de Proc. | |
| Dados gerais de processamento | 20120504d2006 e||y0pory5003 ba |
| 101 0# - Língua da publicação | |
| Língua do texto, banda sonora, etc. | Português |
| 102 ## - País de Publicação | |
| País de publicação | Portugal |
| 200 1# - Título | |
| Título próprio | Tchuba na desert |
| Informação de outro título | antologia do conto inédito caboverdiano |
| Primeira menção de responsabilidade | org. por Francisco Fontes |
| Outras menções de responsabilidade | il. de Tchalê Figueira |
| 210 ## - Publicação, Distribuição | |
| Lugar da edição, distribuição, etc. | Coimbra |
| Nome do editor, distribuidor, etc. | Saúde em Português-Associação de Profissionais de Cuidados de Saúde Primários dos Países de Língua Portuguesa |
| Data da publicação, distribuição, etc. | 2006 |
| 215 ## - Descrição física | |
| Descrição física | 236 p. |
| Outras indicações físicas | il. |
| Dimensões | 21 cm |
| 606 ## - Nome comum | |
| Koha Internal code | 2070 |
| Elemento de entrada | Literatura - conto -Antologia |
| 675 ## - CDU | |
| Notação | 821.134.3(665.8)-34 |
| Edição | BN |
| Língua da edição | Português |
| 675 ## - CDU | |
| Notação | 821.134.3(665.8)-82 |
| Edição | BN |
| Língua da edição | Português |
| 702 #1 - Responsabilidade secundária | |
| Koha Internal Code | 20357 |
| Código de função | Coordenador/Editor |
| Palavra de ordem | Fontes |
| Outra parte do nome | Francisco |
| 702 ## - Responsabilidade secundária | |
| Koha Internal Code | 19820 |
| Código de função | Tradutor |
| Palavra de ordem | Figueira |
| Outra parte do nome | Tchalê |
| 801 ## - Fonte de origem | |
| País | Portugal |
| Data da última transacção | 20120504 |
| 090 ## - Números de controlo do sistema (Koha) | |
| Número biblioitem do Koha (gerado automaticamente) | 51084 |
| 942 ## - Elementos de entrada adicionados (Koha) | |
| Tipo de item no Koha | Monografias |
| Suprimido | Disponível no OPAC |
| 999 ## - Campo local | |
| Campo local | 51084 |
| Removido (estado) | Perdido (estado) | Data de aquisição | Origem do registo (biblioteca) (codificado) | Código da organização que empresta ou é detentora (biblioteca) | Código de barras | Número de inventário | Cota | Tipo de circulação (não pode ser emprestado) | Tipo de item e material |
|---|---|---|---|---|---|---|---|---|---|
| Disponível | Disponível | 2021-05-07 | Biblioteca EB1 da Horta do Carmo | Biblioteca EB1 da Horta do Carmo | BE1HC2530 | 2530 | 82-34 FON | Normal | Monografias |
| Disponível | 2020-07-24 | Biblioteca EB1 n.º 1 de Tavira | Biblioteca EB1 n.º 1 de Tavira | BE1TAV11336 | 1336 | 82-3 TCH | Normal | Monografias | |
| Disponível | 2020-07-24 | Biblioteca EB1 n.º 1 de Tavira | Biblioteca EB1 n.º 1 de Tavira | BE1TAV11337 | 1337 | 82-3 TCH | Normal | Monografias | |
| Disponível | Disponível | 2012-05-04 | Biblioteca EB23 D. Paio Peres Correia | Biblioteca EB23 D. Paio Peres Correia | BEBDPPC5476 | 5476 | 82-82 ALM | Normal | Monografias |
| Abatido | Disponível | 2012-05-04 | Biblioteca EB23 D. Paio Peres Correia | Biblioteca EB23 D. Paio Peres Correia | BEBDPPC5477 | 5477 | 82-82 ALM | Normal | Monografias |